[Event "SLO-chT (Women)"]
[Site "Murska Sobota"]
[Date "2012.04.22"]
[Round "7"]
[White "Ahmatovic, Mirela"]
[Black "Novak, Ksenija"]
[Result "0-1"]
[WhiteElo "1982"]
[BlackElo "2135"]
[PlyCount "78"]
[EventDate "2012.04.13"]
[EventType "team-tourn"]
[EventRounds "7"]
[EventCountry "SLO"]
[SourceTitle "EXT 2022"]
[Source "ChessBase"]
[SourceDate "2021.10.06"]
[SourceVersion "1"]
[SourceVersionDate "2021.10.06"]
[SourceQuality "1"]
[WhiteTeam "Krsko Triglav (W)"]
[BlackTeam "Nova Gorica (W)"]
[WhiteTeamCountry "SLO"]
[BlackTeamCountry "SLO"]

1. c4 e5 2. g3 d5 3. Bg2 c6 4. cxd5 cxd5 5. Qb3 Nf6 6. Nc3 Be6 7. Qxb7 Nbd7 8. Nb5 Rc8 9. Qxa7 Bc5 10. Qa4 Qb6 11. e3 0-0 12. Nc3 d4 13. Ne4 Nxe4 14. Bxe4 f5 15. Bg2 dxe3 16. fxe3 f4 17. Qe4 fxe3 18. Qb7 exd2+ 19. Bxd2 Bxg1 20. Qxb6 Bxb6 21. b4 Bf2+ 22. Ke2 Bc4+ 23. Kd1 Bd4 24. Rc1 Bxa2 25. Rxc8 Rxc8 26. Bh3 Rc7 27. Bxd7 Rxd7 28. Kc2 Bc4 29. Bc3 Kf7 30. Ra1 Bxc3 31. Kxc3 Bb5 32. Ra5 Rd5 33. Ra7+ Kf6 34. Rb7 e4 35. Rb6+ Kf5 36. Rb7 e3 37. Rxg7 e2 38. Rf7+ Kg6 39. Re7 Rd1 0-1

[Event "SLO-chT (Women)"]
[Site "Rogaska Slatina"]
[Date "2009.03.28"]
[Round "3"]
[White "Srebrnic, Ana"]
[Black "Ahmatovic, Mirela"]
[Result "1-0"]
[WhiteElo "2283"]
[BlackElo "1987"]
[PlyCount "53"]
[EventDate "2009.03.27"]
[EventType "team-tourn"]
[EventRounds "9"]
[EventCountry "SLO"]
[SourceTitle "CBM 129 Extra"]
[Source "ChessBase"]
[SourceDate "2009.05.05"]
[SourceVersion "2"]
[SourceVersionDate "2009.05.20"]
[SourceQuality "1"]

1. Nf3 Nf6 2. c4 e6 3. Nc3 d5 4. d4 Bb4 5. Qa4+ Nc6 6. e3 Bd7 7. Qc2 Na5 8. cxd5 exd5 9. a3 Be7 10. b4 Nc6 11. Bd3 Bg4 12. Ne5 Nxe5 13. dxe5 Nd7 14. f4 Nb6 15. 0-0 c5 16. bxc5 Bxc5 17. Nb5 Rc8 18. Qb3 a6 19. Nd4 Qe7 20. Bb2 0-0 21. Rac1 f6 22. Nf5 Qe6 23. Bd4 Nc4 24. Rxc4 Bxd4 25. Rxc8 Bxe3+ 26. Nxe3 Rxc8 27. Nxg4 1-0

[Event "SLO-chT (Women)"]
[Site "Kozje"]
[Date "2008.12.06"]
[Round "9"]
[White "Ahmatovic, Mirela"]
[Black "Vucko, Maja"]
[Result "1/2-1/2"]
[WhiteElo "1997"]
[BlackElo "1963"]
[PlyCount "22"]
[EventDate "2008.11.27"]
[EventType "team-tourn"]
[EventRounds "9"]
[EventCountry "SLO"]
[SourceTitle "CBM 127 Extra"]
[Source "ChessBase"]
[SourceDate "2009.01.08"]
[SourceVersion "2"]
[SourceVersionDate "2009.01.28"]
[SourceQuality "1"]

1. e4 c5 2. Nc3 d6 3. f4 e6 4. Bc4 a6 5. a4 Nc6 6. d3 Nf6 7. Nf3 d5 8. exd5 exd5 9. Qe2+ Be7 10. Bb3 Bg4 11. Qf2 Bxf3 1/2-1/2

[Event "SLO-chT (Women)"]
[Site "Kozje"]
[Date "2008.12.04"]
[Round "6"]
[White "Bucar, Natasa"]
[Black "Ahmatovic, Mirela"]
[Result "1/2-1/2"]
[WhiteElo "1882"]
[BlackElo "1997"]
[PlyCount "29"]
[EventDate "2008.11.27"]
[EventType "team-tourn"]
[EventRounds "9"]
[EventCountry "SLO"]
[SourceTitle "CBM 127 Extra"]
[Source "ChessBase"]
[SourceDate "2009.01.08"]
[SourceVersion "2"]
[SourceVersionDate "2009.01.28"]
[SourceQuality "1"]

1. e4 c5 2. Nf3 e6 3. d4 cxd4 4. Nxd4 Nc6 5. Nc3 Nf6 6. Ndb5 Bb4 7. a3 Bxc3+ 8. Nxc3 d5 9. exd5 Nxd5 10. Nxd5 Qxd5 11. Qxd5 exd5 12. Bf4 0-0 13. 0-0-0 Be6 14. h4 Rfd8 15. f3 1/2-1/2

[Event "SLO-chT1 (Women)"]
[Site "Otocec"]
[Date "2006.11.02"]
[Round "1"]
[White "Ahmatovic, Mirela"]
[Black "Urbanc, Suzana"]
[Result "1-0"]
[WhiteElo "1993"]
[BlackElo "1732"]
[PlyCount "77"]
[EventDate "2006.11.02"]
[EventType "team"]
[EventRounds "9"]
[EventCountry "SLO"]
[SourceTitle "EXT 2008"]
[Source "ChessBase"]
[SourceDate "2007.11.25"]
[SourceVersion "1"]
[SourceVersionDate "2007.11.25"]
[SourceQuality "1"]

1. c4 e5 2. Nc3 Nc6 3. g3 Nf6 4. Bg2 Bc5 5. e3 a6 6. Nge2 d6 7. 0-0 Bf5 8. d3 Qd7 9. a3 Bh3 10. b4 Ba7 11. d4 Bxg2 12. Kxg2 e4 13. Nf4 h5 14. h4 Ne7 15. f3 Qc6 16. Qe2 d5 17. fxe4 Qxc4 18. Qxc4 dxc4 19. Bb2 b5 20. Rad1 c6 21. Rfe1 Ng4 22. Nb1 Rd8 23. Nd2 f5 24. Ne6 Rd6 25. Nxg7+ Kf7 26. Nxf5 Nxf5 27. exf5 Re8 28. Nf1 Kf6 29. e4 Kf7 30. Nh2 Nh6 31. Nf3 Red8 32. e5 Rd5 33. Ng5+ Kg8 34. Ne6 R8d7 35. f6 Kf7 36. Nf4 Bxd4 37. Bxd4 Rxd4 38. e6+ Kxf6 39. exd7 1-0

[Event "SLO-chT U20"]
[Site "Otocec"]
[Date "2006.08.20"]
[Round "4"]
[White "Miletic, Dean"]
[Black "Ahmatovic, Mirela"]
[Result "1-0"]
[WhiteElo "2148"]
[BlackElo "1960"]
[PlyCount "119"]
[EventDate "2006.08.19"]
[EventType "team"]
[EventRounds "9"]
[EventCountry "SLO"]
[SourceTitle "EXT 2007"]
[Source "ChessBase"]
[SourceDate "2006.11.23"]
[SourceVersion "1"]
[SourceVersionDate "2006.11.23"]
[SourceQuality "1"]

1. e4 c5 2. Nf3 e6 3. d4 cxd4 4. Nxd4 Nf6 5. Nc3 Nc6 6. Ndb5 Bb4 7. a3 Bxc3+ 8. Nxc3 d5 9. exd5 Nxd5 10. Nxd5 Qxd5 11. Qxd5 exd5 12. Bd3 0-0 13. Bf4 Re8+ 14. Kd2 Bd7 15. Rhe1 Nd4 16. Be5 Nc6 17. Bf4 Nd4 18. b4 f6 19. Rxe8+ Rxe8 20. Be3 Nc6 21. f4 b6 22. c3 Ne7 23. a4 Nf5 24. Bf2 Nd6 25. Kc2 Nc4 26. Bd4 a5 27. Ra2 Rc8 28. Kb3 h6 29. h3 Kf7 30. b5 Ke7 31. Re2+ Kd6 32. Bg6 Be6 33. g4 Rc7 34. Bd3 Rb7 35. Bg1 Rd7 36. Kc2 Rb7 37. Bd4 Bf7 38. h4 Be6 39. Rg2 Na3+ 40. Kb3 Nc4 41. Ka2 Ke7 42. g5 hxg5 43. hxg5 Nd6 44. gxf6+ gxf6 45. Kb2 Rb8 46. Rg6 f5 47. Be5 Rf8 48. Rg7+ Rf7 49. Rxf7+ Bxf7 50. Bd4 Nc8 51. Bxf5 Be6 52. Bd3 Kd6 53. Kc2 Kc7 54. f5 Bf7 55. Kd2 Nd6 56. Ke3 Nb7 57. Kf4 Nc5 58. Bxc5 bxc5 59. Ke5 Kd7 60. Bc2 1-0

[Event "SLO-chT U20"]
[Site "Otocec"]
[Date "2006.08.19"]
[Round "1"]
[White "Gantar, Jan"]
[Black "Ahmatovic, Mirela"]
[Result "0-1"]
[WhiteElo "1705"]
[BlackElo "1960"]
[PlyCount "40"]
[EventDate "2006.08.19"]
[EventType "team"]
[EventRounds "9"]
[EventCountry "SLO"]
[SourceTitle "EXT 2007"]
[Source "ChessBase"]
[SourceDate "2006.11.23"]
[SourceVersion "1"]
[SourceVersionDate "2006.11.23"]
[SourceQuality "1"]

1. e4 c5 2. c3 d5 3. e5 d4 4. d3 Nc6 5. f4 e6 6. Nf3 Nge7 7. Na3 Nd5 8. c4 Nde7 9. Bd2 Ng6 10. Nc2 Be7 11. g3 f6 12. exf6 Bxf6 13. Qe2 0-0 14. h4 e5 15. fxe5 Ngxe5 16. Nxe5 Nxe5 17. Bh3 Bxh3 18. Rxh3 Qd7 19. Rh1 Qf5 20. Qe4 Nxd3+ 0-1

[Event "SLO-chT (Women) 16th"]
[Site "Ljubljana"]
[Date "2006.07.06"]
[Round "6"]
[White "Kolaric, Spela"]
[Black "Ahmatovic, Mirela"]
[Result "1/2-1/2"]
[WhiteElo "1836"]
[BlackElo "1960"]
[PlyCount "75"]
[EventDate "2006.07.03"]
[EventType "team"]
[EventRounds "9"]
[EventCountry "SLO"]
[SourceTitle "EXT 2008"]
[Source "ChessBase"]
[SourceDate "2007.11.25"]
[SourceVersion "1"]
[SourceVersionDate "2007.11.25"]
[SourceQuality "1"]

1. e4 c5 2. Nf3 e6 3. d4 cxd4 4. Nxd4 Nf6 5. Nc3 Nc6 6. Ndb5 Bb4 7. a3 Bxc3+ 8. Nxc3 0-0 9. Bd3 h6 10. 0-0 d5 11. exd5 exd5 12. h3 a6 13. Bf4 b5 14. Qd2 Ne7 15. Rad1 Qb6 16. Be3 Qc6 17. Bd4 Bb7 18. Qf4 Ne4 19. Bxe4 dxe4 20. Qe5 f6 21. Qxe7 e3 22. f3 Rfe8 23. Qc5 Qxc5 24. Bxc5 e2 25. Nxe2 Rxe2 26. Rf2 Re5 27. b4 Rae8 28. Rfd2 Kh7 29. Kf2 a5 30. Bb6 a4 31. Bc5 h5 32. Bb6 R8e6 33. Ba7 Re8 34. Bb6 R8e6 35. Ba7 Bc8 36. Bd4 Rg5 37. Be3 Rge5 38. Bd4 1/2-1/2

[Event "SLO-chT (Women) 16th"]
[Site "Ljubljana"]
[Date "2006.07.05"]
[Round "4"]
[White "Ahmatovic, Mirela"]
[Black "Hocevar, Maja"]
[Result "1-0"]
[WhiteElo "1960"]
[BlackElo "2007"]
[PlyCount "127"]
[EventDate "2006.07.03"]
[EventType "team"]
[EventRounds "9"]
[EventCountry "SLO"]
[SourceTitle "EXT 2008"]
[Source "ChessBase"]
[SourceDate "2007.11.25"]
[SourceVersion "1"]
[SourceVersionDate "2007.11.25"]
[SourceQuality "1"]

1. e4 c5 2. Nf3 d6 3. Bb5+ Nd7 4. 0-0 Ngf6 5. Re1 e6 6. c3 a6 7. Bxd7+ Bxd7 8. d4 cxd4 9. cxd4 Be7 10. Nc3 0-0 11. e5 Ne8 12. Bf4 d5 13. Qd3 Rc8 14. h3 Nc7 15. Nh2 Nb5 16. Ne2 Na7 17. Rec1 Qb6 18. Qg3 Kh8 19. b3 Nc6 20. Nf3 h6 21. Be3 Nb4 22. Rxc8 Rxc8 23. Qf4 Rf8 24. Qg4 Nc2 25. Rc1 Nb4 26. Ra1 Nc2 27. Rb1 Nxe3 28. fxe3 Qb5 29. Nf4 g5 30. Nh5 Qd3 31. Re1 Qg6 32. Rf1 Be8 33. Nh2 f5 34. exf6 Qxh5 35. Qxh5 Bxh5 36. fxe7 Rxf1+ 37. Kxf1 Kg7 38. Ng4 Be8 39. Ne5 Kf6 40. Ng4+ Kg6 41. Kf2 h5 42. Ne5+ Kf6 43. Nf3 Bg6 44. Kg3 Be8 45. a3 b5 46. b4 Bg6 47. Ne5 Be8 48. Nd3 Kxe7 49. Nc5 Kf6 50. Nxa6 Kf5 51. Nc5 e5 52. Kf3 g4+ 53. hxg4+ hxg4+ 54. Kf2 Bc6 55. g3 Kf6 56. Ke2 e4 57. Kd2 Ke7 58. Kc3 Kd6 59. Kb3 Kc7 60. Ne6+ Kb6 61. Ng7 Bd7 62. Nh5 Be6 63. Nf6 Kb7 64. a4 1-0

[Event "SLO-chT (Women)"]
[Site "Bled"]
[Date "2005.11.12"]
[Round "8"]
[White "Orel, Simona"]
[Black "Ahmatovic, Mirela"]
[Result "1-0"]
[WhiteElo "2023"]
[BlackElo "1936"]
[PlyCount "67"]
[EventDate "2005.11.03"]
[EventType "team"]
[EventRounds "9"]
[EventCountry "SLO"]
[SourceTitle "CBM 109 Extra"]
[Source "ChessBase"]
[SourceDate "2006.01.03"]
[SourceVersion "2"]
[SourceVersionDate "2006.01.03"]
[SourceQuality "1"]

1. d4 d5 2. c4 e6 3. a3 Nf6 4. Bg5 Be7 5. e3 0-0 6. Nf3 c5 7. dxc5 Bxc5 8. Nc3 Be7 9. Rc1 Nc6 10. Bd3 Na5 11. cxd5 Nxd5 12. Ne4 f6 13. Bf4 Nxf4 14. exf4 Qb6 15. Qe2 Nb3 16. Rd1 Bd7 17. 0-0 Be8 18. Bc4 Na5 19. Bd3 Bh5 20. b4 Nc6 21. Bc4 Nd4 22. Qe3 Nxf3+ 23. gxf3 Qc6 24. Rc1 Kh8 25. b5 Qb6 26. a4 Rac8 27. Qxb6 axb6 28. Bxe6 Ra8 29. Kg2 Rxa4 30. Rc7 Ra3 31. Bg4 Bxg4 32. fxg4 Re8 33. Rd1 Ra4 34. Rxe7 1-0

[Event "SLO-chT (Women)"]
[Site "Bled"]
[Date "2005.11.06"]
[Round "5"]
[White "Ahmatovic, Mirela"]
[Black "Srdic, Ursa"]
[Result "1-0"]
[WhiteElo "1936"]
[BlackElo "1765"]
[PlyCount "63"]
[EventDate "2005.11.03"]
[EventType "team"]
[EventRounds "9"]
[EventCountry "SLO"]
[SourceTitle "CBM 109 Extra"]
[Source "ChessBase"]
[SourceDate "2006.01.03"]
[SourceVersion "2"]
[SourceVersionDate "2006.01.03"]
[SourceQuality "1"]

1. e4 e5 2. Nf3 Nf6 3. d4 Nxe4 4. Bd3 d5 5. Nxe5 Nd7 6. Nxd7 Bxd7 7. 0-0 Bd6 8. c4 c6 9. cxd5 cxd5 10. Qh5 0-0 11. Qxd5 Bc6 12. Qh5 f5 13. Nc3 Be8 14. Qe2 Ng5 15. Bxg5 Qxg5 16. Qe6+ Bf7 17. Qxd6 Rad8 18. Qg3 Qf6 19. d5 f4 20. Qh3 h5 21. Qxh5 Qh6 22. Qh3 g5 23. Bc2 g4 24. Qd3 f3 25. Rfe1 Rd6 26. Ne4 Bg6 27. Qd4 Bxe4 28. Rxe4 Rdf6 29. Re6 fxg2 30. Rxf6 Rxf6 31. Re1 Qg5 32. d6 1-0

[Event "SLO-chT East"]
[Site "Slovenia"]
[Date "2005.10.30"]
[Round "9.4"]
[White "Pesec, Franc"]
[Black "Ahmatovic, Mirela"]
[Result "1-0"]
[WhiteElo "2232"]
[BlackElo "1966"]
[PlyCount "55"]
[EventDate "2005.10.19"]
[EventType "team"]
[EventRounds "9"]
[EventCountry "SLO"]
[SourceTitle "EXT 2009"]
[Source "ChessBase"]
[SourceDate "2008.11.26"]
[SourceVersion "1"]
[SourceVersionDate "2008.11.26"]
[SourceQuality "1"]

1. e4 c5 2. d4 cxd4 3. c3 dxc3 4. Nxc3 Nc6 5. Nf3 e6 6. Bc4 Bc5 7. 0-0 Nge7 8. Qe2 0-0 9. Bg5 a6 10. Rac1 b5 11. Bb3 Qb6 12. e5 d5 13. exd6 Bxd6 14. Ne4 Bb8 15. Rfd1 Nf5 16. Nc5 h6 17. g4 hxg5 18. gxf5 g4 19. fxe6 Bxe6 20. Nxe6 gxf3 21. Qxf3 Bxh2+ 22. Kxh2 Ne5 23. Qf5 fxe6 24. Bxe6+ Nf7 25. Rd7 Kh8 26. Rxf7 Qd6+ 27. Kg2 Rfe8 28. Rh1+ 1-0

[Event "SLO-chT East"]
[Site "Slovenia"]
[Date "2005.10.29"]
[Round "7.4"]
[White "Vidic, Branko"]
[Black "Ahmatovic, Mirela"]
[Result "0-1"]
[WhiteElo "1998"]
[BlackElo "1966"]
[PlyCount "85"]
[EventDate "2005.10.19"]
[EventType "team"]
[EventRounds "9"]
[EventCountry "SLO"]
[SourceTitle "EXT 2009"]
[Source "ChessBase"]
[SourceDate "2008.11.26"]
[SourceVersion "1"]
[SourceVersionDate "2008.11.26"]
[SourceQuality "1"]

1. d4 d5 2. c4 e6 3. Nc3 Bb4 4. e3 Nf6 5. Nf3 c5 6. Bd3 Nc6 7. 0-0 cxd4 8. exd4 dxc4 9. Bxc4 0-0 10. Bg5 Be7 11. Rc1 Qb6 12. Na4 Qa5 13. Bd3 Rd8 14. Bd2 Qh5 15. Be2 Qg6 16. Rc4 Ne4 17. Bd3 e5 18. d5 Bh3 19. Ne1 Nd4 20. f3 b5 21. Rc1 bxa4 22. Bxe4 f5 23. Bd3 e4 24. fxe4 fxe4 25. Bc4 Nf3+ 26. Rxf3 exf3 27. Qxf3 Bc5+ 28. Kh1 Bg4 29. Qg3 Bd6 30. Bf4 Bxf4 31. Qxf4 Rf8 32. Qd2 Rac8 33. h3 Qd6 34. Bd3 Rxc1 35. Qxc1 Bxh3 36. Qc2 Bg4 37. Kg1 Qb6+ 38. Kh2 Qh6+ 39. Kg1 Qe3+ 40. Kh2 Qxe1 41. Bxh7+ Kh8 42. Be4 Rf1 43. Qc6 0-1

[Event "SLO-chT East"]
[Site "Slovenia"]
[Date "2005.10.22"]
[Round "3.5"]
[White "Ahmatovic, Mirela"]
[Black "Gruskovnjak, Tomislav"]
[Result "0-1"]
[WhiteElo "1966"]
[BlackElo "2293"]
[PlyCount "68"]
[EventDate "2005.10.19"]
[EventType "team"]
[EventRounds "9"]
[EventCountry "SLO"]
[SourceTitle "EXT 2009"]
[Source "ChessBase"]
[SourceDate "2008.11.26"]
[SourceVersion "1"]
[SourceVersionDate "2008.11.26"]
[SourceQuality "1"]

1. e4 c5 2. Nc3 d6 3. Bc4 e6 4. f4 a6 5. a4 Nf6 6. d3 d5 7. Bb3 dxe4 8. Nxe4 Nc6 9. Be3 Nd5 10. Qd2 Nxe3 11. Qxe3 Nd4 12. Nd2 Qa5 13. Kf2 Nxb3 14. Nxb3 Qc7 15. Nd2 Bd6 16. Ne2 0-0 17. Nc4 Bd7 18. Nxd6 Qxd6 19. a5 Rfe8 20. Qe5 Qc6 21. Rhe1 f6 22. Qc3 Qd6 23. Qb3 Bc6 24. Nc3 Qxf4+ 25. Kg1 Qd4+ 26. Kh1 Kh8 27. Re2 Re7 28. Rae1 Rae8 29. Re3 e5 30. Ne4 f5 31. c3 Qd8 32. Nxc5 Qxa5 33. Qc4 Qd8 34. Qh4 Qd5 0-1